000 00342nam a22001337a 4500
020 _qHB.
040 _cFIZZA ISHAQ
082 _a628.161
_bGAB
100 _aCRAIG,GABRIEL.
_9111529
245 _aWASTE WATER TECHNIQUES FOR EVALUATION & MANAGEMENT /
_cGABRIEL CRAIG.
260 _aNEW YORK ;
_c2021.
300 _a3001 P. ;
942 _2ddc
_cBK
999 _c594367
_d594367